000 00604nam a22002297a 4500
003 UA-OsUOA
001 100511
007 ta
008 20130528b un ||||| |||| 00| 0 ukr d
100 _aЧеккеріні С.
090 _a821.131.1
_bЧ-37
942 _cBK
040 _aUA-OsUOA
_bukr
_cUA-OsUOA
_dUA-OsUOA
245 _aПомилуваний смертю
_bроман
300 _a180 с.
955 _a3
041 _aukr
080 _a821.131.1
260 _aК.
_bДніпро
_c1967
650 7 _a82 Література. Літературознавство
_2UDC
999 _c387150
_d387150